Pocket Planes Europe Airports - Statistics

General Stats
  • This quiz has been taken 15 times
  • The average score is 30 of 44
Answer Stats
Population (Million) City % Correct
3.7 Athens
91%
10.0 London
91%
10.0 Moscow
91%
10.0 Paris
91%
0.2 Reykjavik
91%
2.8 Rome
91%
2.1 Stockholm
91%
4.9 St. Petersburg
91%
2.9 Amsterdam
82%
4.4 Berlin
82%
2.0 Brussels
82%
1.9 Copenhagen
82%
1.3 Helsinki
82%
10.0 Istanbul
82%
3.6 Kiev
82%
2.8 Lisbon
82%
2.1 Lyon
82%
6.5 Madrid
82%
0.3 Venice
82%
2.4 Vienna
82%
5.1 Barcelona
73%
1.6 Belgrade
73%
1.9 Bucharest
73%
2.5 Glasgow
73%
3.0 Munich
73%
2.0 Prague
73%
0.6 Belfast
64%
0.4 Bergen
64%
0.5 Manchester
64%
1.0 Naples
64%
2.6 Warsaw
64%
0.7 Bern
55%
0.0 Lulea
55%
2.1 Minsk
55%
1.0 Riga
55%
0.7 Seville
55%
1.1 Bordeaux
45%
0.0 Hammerfest
45%
0.2 Trondheim
45%
0.1 Oulu
36%
1.0 Volgograd
36%
0.3 Murmansk
27%
1.5 Tbilisi
27%
1.4 Olso
18%
No matching quizzes found
Score Distribution
Percent of People with Each Score
Percentile by Number Answered
Your Score History
You have not taken this quiz